000 00693nam a2200229 a 4500
001 50032
003 BD-RjUL
005 20211209075439.0
008 160823s1946 xx a 1 0 eng d
035 _a(BD-RjUL)50152
040 _aBD-RjUL
_beng
_cBD-RjUL
_dBD-RjUL
041 _aeng
082 _223
_a368.40973
_bMER 1946
100 1 _aMeriam, Lewis.
_d1883-
_9149945
245 1 0 _aRelief and social security /
_cby Lewis Meriam.
260 _aWashington, D.C. :
_bthe Brookings Institution,
_c1946.
300 _axx, 912 p. :
_bill. ;
_c24 cm.
500 _aIncludes index.
650 0 _aSocial security
_zUnited States.
_9130398
650 0 _aPrevidencia Social.
_9149946
942 _2ddc
_cBK
999 _c50032
_d50032